| 000 | 01506nam a22003977a 4500 | ||
|---|---|---|---|
| 003 | CHAP | ||
| 005 | 20220329135352.0 | ||
| 008 | 971013s1974 r 00010 d | ||
| 010 | _a35184 | ||
| 011 | _a36156 | ||
| 035 | _a40275 | ||
| 040 | _cCHAP | ||
| 082 |
_a551 _bO6Y |
||
| 110 |
_aOpen University. Bletchley, England _983359 |
||
| 245 | _aMovimiento continental, expasión del fondo océanico y tecttónica de placas | ||
| 260 |
_aColón, Panamá : _bMcGraw-Hill Latinoamericana, _c1974 |
||
| 300 |
_a45 p. _b: ilus. ; láms. mapas |
||
| 490 |
_aCurso básico de ciencias _v; 25 |
||
| 590 |
_aBATCH-UPD _b10 _c20130110 _lUCH01 _h0140 |
||
| 590 |
_aBATCH-UPD _b10 _c20130110 _lUCH01 _h1754 |
||
| 590 |
_aBATCH-UPD _b10 _c20130409 _lUCH01 _h2137 |
||
| 590 |
_aBATCH-UPD _b10 _c20130410 _lUCH01 _h1131 |
||
| 590 |
_aBATCH-UPD _b10 _c20130914 _lUCH01 _h1132 |
||
| 590 |
_aCONVERSION _b10 _c20130109 _lUCH01 _h1320 |
||
| 650 | 1 | 4 |
_aGeografía física. _947590 |
| 650 | 1 | 4 |
_aGeología. _947604 |
| 650 | 1 | 4 |
_aTectónica. _9111978 |
| 830 | 0 |
_aCurso básico de ciencias _v; 25 _930566 |
|
| 901 | _aBK | ||
| 942 | _cLIBRO | ||
| 949 |
_a551 O6Y _bBC _cLIBRO _d33724000392999 _eLIBRO _fc.3 _h60173 _i40275 _si |
||
| 949 |
_a551 O6Y _bBC _cLIBRO _d33724000393005 _eLIBRO _h60171 _i40275 _sb |
||
| 949 |
_a551 O6Y _bBC _cLIBRO _d33724000393013 _eLIBRO _fc.4 _h60174 _i40275 _si |
||
| 949 |
_a551 O6Y _bBC _cLIBRO _d33724000393021 _eLIBRO _fc.2 _h60171 _i40275 _si |
||
| 949 |
_a551 O6Y _bBC _cLIBRO _d33724000444667 _eLIBRO _fc.5 _h60175 _i40275 _si |
||
| 999 |
_c35184 _d35184 |
||